Statystyki dla Kadra Chelsea Premier League 2020/2021

Kliknij tutaj aby rozwiązać quiz!

Ogólne statystyki

  • Ten quiz został rozwiązany 468 razy
  • Średni wynik to 17 z 26

Statystyki odpowiedzi

PozycjaZawodnik:% Poprawnych
BRKepa
97%
ŚPDKante
89%
NWerner
89%
ŚPOHavertz
85%
POAzpilicueta
82%
SORudiger
81%
POJames
79%
ŚPOMount
79%
LOAlonso
77%
ŚPDJorginho
72%
SOSilva
72%
BRCaballero
69%
ŚPKovacic
69%
LOChilwell
68%
LSPulisic
68%
NAbraham
66%
SOChristensen
66%
PSZiyech
62%
NGiroud
60%
SOZouma
56%
LSHudson-Odoi
52%
LOEmerson
45%
SOTomori
38%
ŚPLoftus-Cheek
36%
ŚPBarkley
32%
ŚPGilmour
30%

Rozkład punktacji

Percentyl według liczby udzielonych odpowiedzi

Procent ludzi z każdym wynikiem

Twoja historia wyników

Nie rozwiązałeś tego quizu